Super Smash Bros. Fighters #17 - The Zelda Quiz - Statistics

General Stats
  • This quiz has been taken 291 times
    150 since last reset
  • The average score is 9 of 15
Answer Stats
Hint Answer % Correct
What kingdom is Zelda the princess of? Hyrule
100%
What piece of the Tri-Force does Zelda hold? Wisdom
88%
What two games were the previous Smash Zeldas from? Twilight Princess
87%
What two games were the previous Smash Zeldas from? Ocarina of Time
84%
Zelda is the reincarnation of which goddess? Hylia
72%
The Zelda in Smash Ultimate is based on her incarnation from what game? A Link Between Worlds
69%
This Nintendo Switch game features Zelda as its main protagonist: Echoes of Wisdom
66%
Who is Zelda’s Lorulean counterpart? Hilda
54%
You can also play as Zelda when she possesses this enemy in Spirit Tracks. Phantom
50%
What real-life novelist was Zelda named after? Zelda {Fitzgerald}
48%
Zelda is more often portrayed with this ranged magical weapon. Light Bow & Arrow
47%
Which famous actor/comedian famously named his daughter after Zelda? Robin Williams
46%
Despite not being officially acknowledged by Nintendo, this game was Zelda’s first playable appearance: Wand of Gamelon
38%
Zelda is sometimes portrayed with this type of sword. Rapier
34%
Who is Zelda's Hytopian counterpart? Styla
17%
No matching quizzes found
Score Distribution
Percent of People with Each Score
Percentile by Number Answered
Your Score History
You have not taken this quiz since the last reset